• 首页
  • 本馆介绍
  • 公告通知
  • 最新文献
  • 馆藏检索
  • 电子资源
  • 读者导购
  • 参考咨询
  • 我的图书馆
  • 登录
  • 详细信息显示
  • 放入我的书架
  • 预约/预借图书
  • 作者相关作品
  • 分类相关作品
  • 丛书相关作品
  • 出版社相关作品

书目信息

  • 表格格式
  • 工作单格式
  • 卡片格式
题名:
光学传递函数及其数理基础
    
 
作者: 麦伟麟 著
分册:  
出版信息: 北京   国防工业出版社  1979
页数: 431页
开本: 20cm
丛书名:
单 册:
中图分类: O435
科图分类:
主题词: 光学传递函数
电子资源:
ISBN:
000 00590nam0 2200217 45
001 0179000879
005 20070930151024.92
010    @dCNY1.75
091    @a15034.1771
100    @a19950726d1979 em y0chiy0121 ea
101 0  @achi
102    @aCN@b110000
105    @ay z 000yy
200 10 @a光学传递函数及其数理基础@Aguang xue chuan di han shu ji qi shu li ji chu@f麦伟麟著
210    @a北京@c国防工业出版社@d1979
215    @a431页@d20cm
606    @a光学传递函数
690    @aO435@v3
701  0 @a麦伟麟@Amai wei lin@4著
801  0 @aCN@bTSSF@c20070930
905    @a10447@dO435@e42
    
    光学传递函数及其数理基础/麦伟麟著.-北京:国防工业出版社,1979
    431页;20cm
    
    
    ISBN :CNY1.75
    
●
相关链接 在E读中查询图书 在五车中查询图书 在当当中查询图书 在豆瓣中查询图书


正题名:光学传递函数及其数理基础     索取号:O435/42         预约/预借

序号 登录号 条形码 馆藏地/架位号 状态 备注
1 626264   206262649   密集书库/ [索取号:O435/42] 在馆    
唐山师范学院图书馆 欢迎您!
大连网信软件有限公司© 版权所有